Acropolis Landmarks on a Map - Statistics

General Stats
  • This quiz has been taken 105 times
  • The average score is 4 of 24
Answers on the Map
Answers color-coded by a green-red scale on the quiz's map according to % correct below.
 
Answer Stats
Landmark % Correct
Parthenon
100%
Erechtheum
22%
Temple of Athena Nike
20%
Propylaea
19%
Theater of Dionysus Eleuthereus
19%
Odeon of Herodes Atticus
15%
Sanctuary of Zeus Polieus
14%
Statue of Athena Promachos
14%
Sanctuary of Artemis Brauronia
13%
Altar of Athena Polias
12%
Chalkotheke
12%
Odeon of Pericles
12%
Old Temple of Athena Polias
12%
Stoa of Euemenes
12%
Beulé Gate
11%
Pandroseion
11%
Sanctuary of Asclepius
11%
Sanctuary of Pandion
11%
Arrephorion
10%
Monument to Agrippa
10%
Temenos of Dionysus Eleuthereus
9%
Mycenaean Wall
7%
Stoa of Asclepius
7%
Pinakotheke
6%
No matching quizzes found
Score Distribution
Percent of People with Each Score
Percentile by Number Answered
Your Score History
You have not taken this quiz